000
00206 a2200097 4500
001
23434
100
_a
Ficchi, R F
245
_a
Electrical Interference
260
_a
_b
Iliffe
_c
1964
090
_c
15827
_d
15827
942
_a
NUST-CAE
_c
M
_c
6477
999
_c
258507
_d
258507